[Event "HUN-chT2 Charousek 1718"]
[Site "Hungary"]
[Date "2017.12.17"]
[Round "4.10"]
[White "Felde, Bence"]
[Black "Palla, Gyorgy"]
[Result "1-0"]
[WhiteElo "1938"]
[BlackElo "1980"]
[PlyCount "65"]
[EventDate "2017.10.29"]
[EventType "team-tourn"]
[EventRounds "9"]
[EventCountry "HUN"]
[SourceTitle "EXT 2020"]
[Source "ChessBase"]
[SourceDate "2019.10.17"]
[SourceVersion "1"]
[SourceVersionDate "2019.10.17"]
[SourceQuality "1"]
[WhiteTeam "Aquaprofit Nagykanizsa II"]
[BlackTeam "Balatonfuered"]
[WhiteTeamCountry "HUN"]
[BlackTeamCountry "HUN"]

1. d4 d5 2. c4 c6 3. cxd5 cxd5 4. Nc3 Nf6 5. Bf4 Nc6 6. e3 e6 7. Rc1 Bd6 8. Bxd6 Qxd6 9. Nf3 0-0 10. Be2 a6 11. 0-0 b5 12. a3 Bb7 13. b4 Rfe8 14. Qb3 e5 15. dxe5 Nxe5 16. Nxe5 Qxe5 17. Rfd1 d4 18. exd4 Qg5 19. Bf1 Rad8 20. Qb2 h5 21. Qd2 Qg4 22. h3 Qg6 23. Re1 Ne4 24. Nxe4 Bxe4 25. Rc5 f5 26. Qc3 Kh7 27. f3 Ba8 28. Rxe8 Qxe8 29. Rxf5 g6 30. Re5 Qd7 31. Qe3 Qd6 32. Re6 Qxd4 33. Re7+ 1-0

[Event "HUN-chT U18"]
[Site "Budapest"]
[Date "2015.08.28"]
[Round "4.16"]
[White "Felde, Bence"]
[Black "Terbe, Zsuzsanna"]
[Result "1/2-1/2"]
[WhiteElo "1930"]
[BlackElo "2103"]
[PlyCount "63"]
[EventDate "2015.08.26"]
[EventType "team-swiss"]
[EventRounds "8"]
[EventCountry "HUN"]
[SourceTitle "EXT 2016"]
[Source "ChessBase"]
[SourceDate "2015.10.08"]
[SourceVersion "1"]
[SourceVersionDate "2015.10.08"]
[SourceQuality "1"]

1. d4 d5 2. Nf3 Nf6 3. e3 c5 4. c4 cxd4 5. exd4 Nc6 6. Nc3 g6 7. Be2 Bg7 8. 0-0 dxc4 9. Bxc4 0-0 10. h3 Na5 11. Bd3 Be6 12. Qe2 Bd5 13. Be3 Rc8 14. Ne5 Nc6 15. Rad1 a6 16. Rfe1 Qd6 17. Nxd5 Nxd5 18. Nxc6 Rxc6 19. Be4 Rc7 20. Qf3 Rd7 21. Bg5 e6 22. Bh4 Qb4 23. Bxd5 exd5 24. Qg4 Rc7 25. Re2 Qa4 26. b3 Qb5 27. Rde1 h5 28. Qf4 Qc6 29. Bg5 Qc3 30. Bf6 Bxf6 31. Qxf6 Rc6 32. Qf4 1/2-1/2

[Event "HUN-chT2 Charousek 1415"]
[Site "Hungary"]
[Date "2015.03.01"]
[Round "7"]
[White "Felde, Bence"]
[Black "Szasz, Ferenc"]
[Result "1/2-1/2"]
[WhiteElo "1906"]
[BlackElo "2104"]
[PlyCount "25"]
[EventDate "2014.10.12"]
[EventType "team-tourn"]
[EventRounds "9"]
[EventCountry "HUN"]
[SourceTitle "EXT 2016"]
[Source "ChessBase"]
[SourceDate "2015.10.08"]
[SourceVersion "1"]
[SourceVersionDate "2015.10.08"]
[SourceQuality "1"]
[WhiteTeam "Aquaprofit II"]
[BlackTeam "Komlo"]
[WhiteTeamCountry "HUN"]
[BlackTeamCountry "HUN"]

1. d4 Nf6 2. c4 g6 3. Nc3 d5 4. Nf3 Bg7 5. Bf4 c6 6. e3 Nbd7 7. Be2 0-0 8. 0-0 Nb6 9. c5 Nbd7 10. b4 Nh5 11. Qb3 Nxf4 12. exf4 Nf6 13. Ne5 1/2-1/2

[Event "HUN-chT2 Charousek 1314"]
[Site "Hungary"]
[Date "2014.02.16"]
[Round "7"]
[White "Felde, Bence"]
[Black "Kovacsy, Barnabas"]
[Result "1-0"]
[WhiteElo "1870"]
[BlackElo "1556"]
[PlyCount "67"]
[EventDate "2013.09.08"]
[EventType "team-tourn"]
[EventRounds "11"]
[EventCountry "HUN"]
[SourceTitle "EXT 2016"]
[Source "ChessBase"]
[SourceDate "2015.10.08"]
[SourceVersion "1"]
[SourceVersionDate "2015.10.08"]
[SourceQuality "1"]
[WhiteTeam "Nagykanizsa II"]
[BlackTeam "Budapest EAC"]
[WhiteTeamCountry "HUN"]
[BlackTeamCountry "HUN"]

1. d4 Nf6 2. c4 g6 3. Nc3 d5 4. Bf4 Bg7 5. Nf3 0-0 6. e3 Bg4 7. h3 Bxf3 8. Qxf3 c6 9. Bd3 dxc4 10. Bxc4 Nfd7 11. Bg3 e5 12. d5 Nb6 13. Rd1 Qf6 14. Qe2 Qe7 15. 0-0 Rd8 16. e4 h5 17. Bb3 Na6 18. dxc6 Nc5 19. cxb7 Qxb7 20. Qb5 Nxb3 21. Qxb3 Rd4 22. Rxd4 exd4 23. Nd5 Rd8 24. Rc1 Rxd5 25. exd5 Qxd5 26. Qxd5 Nxd5 27. Bd6 Nb6 28. Kf1 d3 29. Rd1 Nc4 30. Rxd3 Nxb2 31. Rb3 Nc4 32. Bb4 a5 33. Bc3 Bf8 34. Rb8 1-0

[Event "HUN-chT U18"]
[Site "Miskolc"]
[Date "2011.11.05"]
[Round "7.5"]
[White "Felde, Bence"]
[Black "Laza, Szabolcs"]
[Result "0-1"]
[WhiteElo "1898"]
[BlackElo "1869"]
[PlyCount "95"]
[EventDate "2011.11.02"]
[EventType "team-swiss"]
[EventRounds "8"]
[EventCountry "HUN"]
[SourceTitle "EXT 2012"]
[Source "ChessBase"]
[SourceDate "2011.11.24"]
[SourceVersion "1"]
[SourceVersionDate "2011.11.24"]
[SourceQuality "1"]
[WhiteTeam "Tungsram"]
[BlackTeam "Sarkany"]
[WhiteTeamCountry "HUN"]
[BlackTeamCountry "HUN"]

1. d4 d5 2. Nf3 c6 3. c4 Nf6 4. Nc3 e6 5. e3 Nbd7 6. Qc2 Be7 7. Bd2 a6 8. Rc1 0-0 9. Bd3 dxc4 10. Bxc4 b5 11. Be2 Bb7 12. 0-0 c5 13. Rfd1 Qb6 14. dxc5 Nxc5 15. Nd4 Rac8 16. b4 Nce4 17. Qb2 Rfd8 18. a3 h6 19. h3 Nxd2 20. Rxd2 Ne4 21. Rdc2 Nxc3 22. Rxc3 Rxc3 23. Qxc3 Rc8 24. Qd2 Rxc1+ 25. Qxc1 Bf6 26. Nb3 Bd5 27. Qc8+ Kh7 28. Nc5 Qc6 29. Qxc6 Bxc6 30. Nxa6 Bb2 31. a4 bxa4 32. b5 Bb7 33. b6 a3 34. Nb4 Bd5 35. Bd3+ g6 36. Bb1 Bc3 37. Nxd5 exd5 38. b7 Be5 39. Ba2 Kg7 40. Bxd5 Kf8 41. Kf1 Ke7 42. e4 f6 43. Ke2 Bb8 44. Kd2 Kd7 45. Kc2 Bd6 46. Kb3 Kc7 47. g3 Kb6 48. f4 0-1

[Event "HUN-chT U18"]
[Site "Miskolc"]
[Date "2011.11.04"]
[Round "4.5"]
[White "Bohus, Adam"]
[Black "Felde, Bence"]
[Result "0-1"]
[WhiteElo "1652"]
[BlackElo "1898"]
[PlyCount "64"]
[EventDate "2011.11.02"]
[EventType "team-swiss"]
[EventRounds "8"]
[EventCountry "HUN"]
[SourceTitle "EXT 2012"]
[Source "ChessBase"]
[SourceDate "2011.11.24"]
[SourceVersion "1"]
[SourceVersionDate "2011.11.24"]
[SourceQuality "1"]
[WhiteTeam "Geniusz Tata"]
[BlackTeam "Tungsram"]
[WhiteTeamCountry "HUN"]
[BlackTeamCountry "HUN"]

1. d4 Nf6 2. c4 e6 3. Nc3 Bb4 4. Nf3 c5 5. Bf4 d5 6. e3 Nc6 7. Bd3 0-0 8. 0-0 Bxc3 9. bxc3 h6 10. h3 Re8 11. Bh2 a6 12. cxd5 exd5 13. Qd2 Qa5 14. Ne5 cxd4 15. Nxc6 bxc6 16. exd4 c5 17. Rad1 cxd4 18. cxd4 Qxd2 19. Rxd2 Bd7 20. Be5 Ne4 21. Bxe4 dxe4 22. Re1 Bc6 23. Bf4 Bd5 24. Rc1 Rac8 25. Rxc8 Rxc8 26. Bd6 Rc3 27. Bc5 f5 28. Bb4 Rc4 29. Bd6 g5 30. g3 Rc1+ 31. Kh2 e3 32. fxe3 Rh1# 0-1